<?xml version="1.0" encoding="UTF-8"?>
<record
    xmlns:xsi="http://www.w3.org/2001/XMLSchema-instance"
    xsi:schemaLocation="http://www.loc.gov/MARC21/slim http://www.loc.gov/standards/marcxml/schema/MARC21slim.xsd"
    xmlns="http://www.loc.gov/MARC21/slim">

  <leader>00542nam a2200157   4500</leader>
  <controlfield tag="008">708 M953m</controlfield>
  <datafield tag="082" ind1=" " ind2=" ">
    <subfield code="a">708</subfield>
    <subfield code="b">M953m</subfield>
  </datafield>
  <datafield tag="100" ind1=" " ind2=" ">
    <subfield code="a">Chanto, Sila</subfield>
    <subfield code="9">3621</subfield>
  </datafield>
  <datafield tag="110" ind1=" " ind2=" ">
    <subfield code="a">Solano, Karla</subfield>
    <subfield code="9">7181</subfield>
  </datafield>
  <datafield tag="245" ind1=" " ind2=" ">
    <subfield code="a">"momentos de un proceso"</subfield>
  </datafield>
  <datafield tag="260" ind1=" " ind2=" ">
    <subfield code="a">Tegucigalpa, Honduras</subfield>
    <subfield code="b">Colectivo Mujeres en las Artes</subfield>
    <subfield code="c">1999</subfield>
  </datafield>
  <datafield tag="300" ind1=" " ind2=" ">
    <subfield code="a">6 p.</subfield>
    <subfield code="b">il. (col)</subfield>
    <subfield code="c">20 x 21 cm </subfield>
  </datafield>
  <datafield tag="650" ind1=" " ind2=" ">
    <subfield code="x">arte contempor&#xE1;neo</subfield>
    <subfield code="x">arte - exhibiciones </subfield>
    <subfield code="x">arte - mujeres artistas </subfield>
    <subfield code="x">arte - Costa Rica</subfield>
    <subfield code="9">7182</subfield>
  </datafield>
  <datafield tag="700" ind1=" " ind2=" ">
    <subfield code="a">Villegas, Emilia</subfield>
    <subfield code="9">4733</subfield>
  </datafield>
  <datafield tag="710" ind1=" " ind2=" ">
    <subfield code="a">P&#xE9;rez-Ratton, Virginia (curadur&#xED;a)</subfield>
    <subfield code="9">7183</subfield>
  </datafield>
  <datafield tag="999" ind1=" " ind2=" ">
    <subfield code="c">1850</subfield>
    <subfield code="d">1850</subfield>
  </datafield>
  <datafield tag="952" ind1=" " ind2=" ">
    <subfield code="0">0</subfield>
    <subfield code="1">0</subfield>
    <subfield code="2">ddc</subfield>
    <subfield code="4">0</subfield>
    <subfield code="7">0</subfield>
    <subfield code="a">LV</subfield>
    <subfield code="b">LV</subfield>
    <subfield code="c">Colectivas</subfield>
    <subfield code="d">2019-09-05</subfield>
    <subfield code="l">0</subfield>
    <subfield code="o">708 M953m</subfield>
    <subfield code="p">002203</subfield>
    <subfield code="r">2019-09-05 00:00:00</subfield>
    <subfield code="w">2019-09-05</subfield>
    <subfield code="y">01</subfield>
  </datafield>
  <datafield tag="952" ind1=" " ind2=" ">
    <subfield code="0">0</subfield>
    <subfield code="1">0</subfield>
    <subfield code="2">ddc</subfield>
    <subfield code="4">0</subfield>
    <subfield code="7">0</subfield>
    <subfield code="a">LV</subfield>
    <subfield code="b">LV</subfield>
    <subfield code="c">Colectivas</subfield>
    <subfield code="d">2019-09-05</subfield>
    <subfield code="l">0</subfield>
    <subfield code="o">708 M953m</subfield>
    <subfield code="p">002127</subfield>
    <subfield code="r">2019-09-05 00:00:00</subfield>
    <subfield code="w">2019-09-05</subfield>
    <subfield code="y">01</subfield>
  </datafield>
</record>
